Normal view
MARC view
- الطبري، علي بن ربن ، تحقيق وتقديم: عادل النويهض
Entry Personal Name
001 - CONTROL NUMBER
- control field: 13532
003 - CONTROL NUMBER IDENTIFIER
- control field: JO-AjAnu
005 - DATE AND TIME OF LATEST TRANSACTION
- control field: 20230606072449.0
008 - FIXED-LENGTH DATA ELEMENTS
- fixed length control field: 230606|| aca||aabn | a|a d
040 ## - CATALOGING SOURCE
- Original cataloging agency: JO-AjAnu
- Transcribing agency: JO-AjAnu
100 ## - HEADING--PERSONAL NAME
- Personal name: الطبري، علي بن ربن ، تحقيق وتقديم: عادل النويهض
670 ## - SOURCE DATA FOUND
- Source citation: Work cat.: (JO-AjAnu)6962: الطبري، علي بن ربن ، تحقيق وتقديم: عادل النويهض, author, الدين والدولة في إثبات نبوة النبي محمد صلى الله عليه وسلم